000 01474nam a2200373Ia 4500
001 ebr10054766
003 CaPaEBR
006 m u
007 cr cn|||||||||
008 990122s1999 enk sb 001 0 eng d
020 _z0203202031
020 _z0415185068
020 _z0415185076 (pbk.)
020 _z0585460418 (electronic bk.)
040 _aCaPaEBR
_cCaPaEBR
035 _a(OCoLC)560124825
050 1 4 _aJC571
_b.D424 1999eb
245 0 0 _aDebating human rights
_h[electronic resource] :
_bcritical essays from the United States and Asia /
_cedited by Peter Van Ness ; with contributions by Nikhil Aziz ... [et al.].
260 _aLondon ;
_aNew York :
_bRoutledge,
_c1999.
300 _axi, 291 p.
490 1 _aAsia's transformations
504 _aIncludes bibliographical references and index.
533 _aElectronic reproduction.
_bPalo Alto, Calif. :
_cebrary,
_d2009.
_nAvailable via World Wide Web.
_nAccess may be limited to ebrary affiliated libraries.
650 0 _aHuman rights.
650 0 _aHuman rights
_zAsia.
651 0 _aUnited States
_xForeign relations
_zAsia.
651 0 _aAsia
_xForeign relations
_zUnited States.
655 7 _aElectronic books.
_2local
700 1 _aVan Ness, Peter.
700 1 _aAziz, Nikhil.
710 2 _aebrary, Inc.
830 0 _aAsia's transformations.
856 4 0 _uhttp://site.ebrary.com/lib/rucke/Doc?id=10054766
_zAn electronic book accessible through the World Wide Web; click to view
999 _c166401
_d166401